00365 a2200121 4500020001100000035001200011037004500023082001400068100001800082245006500100260003300165300004500198 c300.00 aB-78048 bRP-QRP-NIL / UBH-03-04:11 / RP-03-04:ENG14a069.065161 aAhrar, Husain1 aMuseums of Delhiblearning resource centrescby Ahrar Husain aDelhibSona Publishersc2001 a160 pbillu, (photos col.)c22.5 cm (HB)